00552cam a22002171 4500001001300000003000400013005001700017008004100034010001700075035002000092040001800112042001200130050001900142100002100161245003100182250001300213260003700226300001900263650003500282999001700317sa 66000032 DLC20260227112211.0890514r1965uuuuio 000 0 dut  asa 66000032  a(OCoLC)23397027 aDLCcMiUdDLC apremarc00aBP188.3.M3bH31 aHassan, ʻAbbas.10aBeginilah tjara beristeri. a[Tjet 1] aDjakarta,bBakti Pustaka,c1965. a108 p.c18 cm. 0aMarried peoplexReligious life c66990d66990